Markets (Record no. 83762)

MARC details
000 -LEADER
fixed length control field 01090cab a22002295a 4500
001 - CONTROL NUMBER
control field L154966
008 - FIXED-LENGTH DATA ELEMENTS--GENERAL INFORMATION
fixed length control field 120213e20120203xxk 000 0 eng d
035 ## - SYSTEM CONTROL NUMBER
System control number (Sirsi) u154966
041 0# - LANGUAGE CODE
Language code of text/sound track or separate title eng
100 1# - MAIN ENTRY--PERSONAL NAME
Personal name Stewart, Sarah
245 00 - TITLE STATEMENT
Title Markets
Remainder of title Kent, Surrey and Sussex
260 ## - PUBLICATION, DISTRIBUTION, ETC.
Date of publication, distribution, etc. 2012
490 ## - SERIES STATEMENT
Series statement Property Week
Volume/sequential designation 78(05) 3 February 2012, 61-68(5)
520 ## - SUMMARY, ETC.
Summary, etc. Search on behalf of Surrey County Council reveals there is currently no suitable vacant office space within the county boundary. Knight Frank reports that only 433 000 sq ft of new office space has been built in Surrey in the last five years. Looks at the likelihood of the "Thames Hub" aka "Boris Island", Foster & Partners' projected new airport in Kent, coming to fruition. Vestas Offshore, the Danish wind turbine manufacturer, has a planning application in for more than 6m sq ft of industrial space at the Port of Sheerness, Isle of Sheppey.
590 ## - LOCAL NOTE (RLIN)
Local note KA
651 #4 - SUBJECT ADDED ENTRY--GEOGRAPHIC NAME
Geographic name Kent
651 #4 - SUBJECT ADDED ENTRY--GEOGRAPHIC NAME
Geographic name Surrey
651 #4 - SUBJECT ADDED ENTRY--GEOGRAPHIC NAME
Geographic name Sussex
Chronological subdivision 1888-
690 ## - LOCAL SUBJECT ADDED ENTRY--TOPICAL TERM (OCLC, RLIN)
Topical term or geographic name as entry element Commercial property
9 (RLIN) 6227
700 1# - ADDED ENTRY--PERSONAL NAME
Personal name Thomas, Huw
942 ## - ADDED ENTRY ELEMENTS (KOHA)
Suppress in OPAC 0
Holdings
Withdrawn status Lost status Source of classification or shelving scheme Damaged status Not for loan Home library Current library Shelving location Date acquired Total Checkouts Full call number Barcode Date last seen Copy number Price effective from Koha item type
    Dewey Decimal Classification     London London Journal article 13/02/2012   L154966 154966-1001 06/08/2019 1 06/08/2019 Journal article